| 000 | 00630nam a2200181Ia 4500 | ||
|---|---|---|---|
| 003 | GCL | ||
| 008 | 140319s9999 xx 000 0 ara d | ||
| 040 |
_aGCL / _cGCL |
||
| 082 | 0 | 4 |
_a950.2 _bع ع |
| 100 | 1 | _aاحمد فايز الحمصى | |
| 245 | 1 | 0 |
_aعجائب المقدور فى نوائب تيمور / _cاحمد فايز الحمصى |
| 700 | 1 | _aابن عربشاة : شهاب الدين ابو العباس احمد بن محمد بن عبدالله بن ابراهيم الدمشقى | |
| 300 | _a553 ص | ||
| 490 | _a | ||
| 650 | 0 | 4 | _aالمغول والتتار |
| 650 | 0 | 4 | _aتيمور لنك |
| 942 |
_2ddc _cBK |
||
| 999 |
_c37653 _d37653 |
||